000 00878nam a2200253 a 4500
001 BRL_387
005 20190320210722.0
008 060813s1968----mx-a######---#000-0#spa-#
041 _aspa
044 _amx
050 4 _aF1435.3.C14
_b.L46 1968
100 1 _aLeón-Portilla, Miguel
_9504
245 1 0 _aTiempo y realidad en el pensamiento maya
_bensayo de acercamiento
_cMiguel León-Portilla ; prólogo de J. Eric S. Thompson; Apendice de Alfonso Villa Rojas.
260 _aMéxico
_bUNAM, Instituto de Investigaciones Históricas
_c1968
300 _a176 p.
_bil., mapas
_c24 cm.
440 0 _aSerie de Culturas Mesoamericanas
_v2
_923745
500 _aAu366
500 _aIncluye referencias bibliográficas e índices.
650 1 4 _aFilosofía maya
_99660
650 1 4 _aCalendario maya
_98075
700 1 _aVilla Rojas, Alfonso
_923746
902 _aGRL
942 _2lcc
_cB
999 _c9200
_d9200